[Event "V4Liptov2018"]
[Site "?"]
[Date "2018.06.26"]
[Round "7.9"]
[White "Galuszka, Tomasz"]
[Black "Sosovicka, Jakub"]
[Result "1-0"]
[BlackElo "2078"]
[WhiteElo "1991"]
[LiveChessVersion "1.4.8"]

1. e4 {[%clk 1:00:23]} c5 {[%clk 1:00:51]} 2. Nf3 {[%clk 1:00:44]} d6
{[%clk 1:01:18]} 3. g3 {[%clk 1:00:35]} Nc6 {[%clk 1:01:15]} 4. Bg2
{[%clk 1:00:53]} g6 {[%clk 1:00:50]} 5. O-O {[%clk 1:01:11]} Bg7 {[%clk 1:01:09]}
6. d3 {[%clk 1:01:13]} Nf6 {[%clk 1:00:45]} 7. Nc3 {[%clk 1:01:30]} O-O
{[%clk 0:59:59]} 8. h3 {[%clk 1:00:51]} Rb8 {[%clk 0:56:41]} 9. a4
{[%clk 1:01:00]} a6 {[%clk 0:53:20]} 10. Nh4 {[%clk 1:00:11]} e5 {[%clk 0:47:31]}
11. Be3 {[%clk 0:53:55]} b5 {[%clk 0:42:47]} 12. axb5 {[%clk 0:51:01]} axb5
{[%clk 0:43:04]} 13. Qd2 {[%clk 0:47:08]} b4 {[%clk 0:41:31]} 14. Ne2
{[%clk 0:46:19]} Qe7 {[%clk 0:34:13]} 15. Bh6 {[%clk 0:39:52]} Be6
{[%clk 0:32:26]} 16. Bxg7 {[%clk 0:33:41]} Kxg7 {[%clk 0:32:51]} 17. Qe1
{[%clk 0:33:43]} Ra8 {[%clk 0:25:43]} 18. Rxa8 {[%clk 0:32:36]} Rxa8
{[%clk 0:26:03]} 19. f4 {[%clk 0:32:58]} Ra2 {[%clk 0:24:46]} 20. f5
{[%clk 0:32:46]} Bc8 {[%clk 0:24:45]} 21. Qc1 {[%clk 0:30:30]} Ba6
{[%clk 0:19:13]} 22. fxg6 {[%clk 0:30:34]} fxg6 {[%clk 0:17:37]} 23. Qg5
{[%clk 0:30:12]} Bc8 {[%clk 0:16:48]} 24. Nf5+ {[%clk 0:28:10]} Bxf5
{[%clk 0:17:10]} 25. exf5 {[%clk 0:28:35]} Nd4 {[%clk 0:16:44]} 26. Nxd4
{[%clk 0:28:35]} exd4 {[%clk 0:16:59]} 27. fxg6 {[%clk 0:25:22]} Qe3+
{[%clk 0:16:08]} 28. Qxe3 {[%clk 0:25:47]} dxe3 {[%clk 0:16:34]} 29. gxh7
{[%clk 0:25:29]} Nxh7 {[%clk 0:16:07]} 30. Rb1 {[%clk 0:19:06]} Nf6
{[%clk 0:12:08]} 31. Bf3 {[%clk 0:18:47]} d5 {[%clk 0:11:08]} 32. Kg2
{[%clk 0:19:05]} d4 {[%clk 0:07:18]} 33. g4 {[%clk 0:18:57]} Kg6 {[%clk 0:03:51]}
34. Kg3 {[%clk 0:19:10]} Ra7 {[%clk 0:03:08]} 35. h4 {[%clk 0:18:50]} Ra6
{[%clk 0:01:50]} 36. g5 {[%clk 0:18:28]} Nh5+ {[%clk 0:01:32]} 37. Kg4
{[%clk 0:18:51]} Ng7 {[%clk 0:00:59]} 38. h5+ {[%clk 0:18:56]} Kf7
{[%clk 0:01:13]} 39. Bd5+ {[%clk 0:18:50]} Kf8 {[%clk 0:01:37]} 40. h6
{[%clk 0:18:41]} Ne6 {[%clk 0:01:57]} 41. Rh1 {[%clk 0:18:10]} 1-0

[Event "V4Liptov2018"]
[Site "?"]
[Date "2018.06.26"]
[Round "7.10"]
[White "Krupa, Miroslav"]
[Black "Sulkowski, Dawid"]
[Result "1-0"]
[BlackElo "1501"]
[WhiteElo "2037"]
[LiveChessVersion "1.4.8"]

1. e4 {[%clk 1:00:54]} e5 {[%clk 1:00:31]} 2. Nf3 {[%clk 1:01:20]} Nc6
{[%clk 1:00:49]} 3. Bc4 {[%clk 1:01:47]} Bc5 {[%clk 1:00:57]} 4. c3
{[%clk 1:02:13]} Nf6 {[%clk 1:01:20]} 5. d3 {[%clk 1:02:40]} O-O {[%clk 1:01:14]}
6. O-O {[%clk 1:03:07]} d6 {[%clk 1:01:31]} 7. Nbd2 {[%clk 1:03:33]} Bg4
{[%clk 1:01:14]} 8. Re1 {[%clk 1:03:53]} Re8 {[%clk 1:01:29]} 9. Nf1
{[%clk 1:01:20]} Bb6 {[%clk 0:52:31]} 10. h3 {[%clk 0:57:32]} Be6
{[%clk 0:48:34]} 11. Bb5 {[%clk 0:57:16]} a6 {[%clk 0:48:53]} 12. Ba4
{[%clk 0:57:42]} Bd7 {[%clk 0:43:49]} 13. Ng3 {[%clk 0:53:46]} Ne7
{[%clk 0:40:01]} 14. Bc2 {[%clk 0:52:22]} Ng6 {[%clk 0:40:06]} 15. d4
{[%clk 0:34:28]} Bc6 {[%clk 0:35:57]} 16. dxe5 {[%clk 0:28:10]} dxe5
{[%clk 0:34:42]} 17. Qxd8 {[%clk 0:26:34]} Raxd8 {[%clk 0:33:29]} 18. Bg5
{[%clk 0:26:36]} Re6 {[%clk 0:26:14]} 19. Bb3 {[%clk 0:25:13]} Red6
{[%clk 0:26:18]} 20. Nf5 {[%clk 0:23:20]} R6d7 {[%clk 0:25:27]} 21. Bc2
{[%clk 0:22:33]} Re8 {[%clk 0:19:45]} 22. g3 {[%clk 0:19:42]} Re6
{[%clk 0:15:12]} 23. Kg2 {[%clk 0:15:24]} Kf8 {[%clk 0:07:22]} 24. Bxf6
{[%clk 0:09:54]} gxf6 {[%clk 0:06:32]} 25. Rad1 {[%clk 0:09:52]} Re8
{[%clk 0:05:21]} 26. Rxd7 {[%clk 0:05:34]} Bxd7 {[%clk 0:05:49]} 27. Ne3
{[%clk 0:05:36]} Be6 {[%clk 0:05:17]} 28. a3 {[%clk 0:04:10]} Ne7
{[%clk 0:04:59]} 29. Ba4 {[%clk 0:03:11]} Rd8 {[%clk 0:04:22]} 30. Rd1
{[%clk 0:03:31]} Rxd1 {[%clk 0:04:30]} 31. Nxd1 {[%clk 0:03:52]} Nc8
{[%clk 0:04:50]} 32. Bc2 {[%clk 0:03:50]} Nd6 {[%clk 0:04:46]} 33. b3
{[%clk 0:03:11]} Nb5 {[%clk 0:04:04]} 34. c4 {[%clk 0:02:50]} Nd4
{[%clk 0:04:04]} 35. Nxd4 {[%clk 0:03:07]} Bxd4 {[%clk 0:04:24]} 36. f4
{[%clk 0:02:26]} Bd7 {[%clk 0:03:06]} 37. Bd3 {[%clk 0:01:56]} Bc6
{[%clk 0:03:22]} 38. Kf1 {[%clk 0:01:34]} Bd7 {[%clk 0:01:40]} 39. Kg2
{[%clk 0:01:43]} Bc6 {[%clk 0:01:58]} 40. Kf3 {[%clk 0:01:08]} f5
{[%clk 0:01:28]} 41. Ne3 {[%clk 0:01:13]} fxe4+ 42. Bxe4 {[%clk 0:01:35]} Bxe4+
{[%clk 0:01:29]} 43. Kxe4 {[%clk 0:01:57]} f6 {[%clk 0:01:36]} 44. Nd5
{[%clk 0:00:43]} Bf2 {[%clk 0:00:56]} 45. Nxf6 {[%clk 0:00:59]} Bxg3
{[%clk 0:00:32]} 46. fxe5 {[%clk 0:01:25]} h6 {[%clk 0:00:36]} 47. Kf5
{[%clk 0:01:23]} Kf7 {[%clk 0:00:33]} 48. e6+ {[%clk 0:01:32]} Kf8
{[%clk 0:00:37]} 49. Nd5 {[%clk 0:00:43]} c6 {[%clk 0:00:52]} 50. Nf4
{[%clk 0:00:42]} b5 {[%clk 0:00:49]} 51. a4 {[%clk 0:00:41]} Ke8 {[%clk 0:00:47]}
52. Ng6 {[%clk 0:00:59]} Bd6 {[%clk 0:00:36]} 53. Ne5 {[%clk 0:00:50]} bxa4
{[%clk 0:00:47]} 54. bxa4 {[%clk 0:01:16]} c5 {[%clk 0:01:02]} 55. Nf7
{[%clk 0:00:47]} Bf8 {[%clk 0:01:23]} 56. Kf6 {[%clk 0:00:54]} Be7+
{[%clk 0:01:44]} 57. Ke5 {[%clk 0:00:39]} Bf8 {[%clk 0:01:57]} 58. Kd5
{[%clk 0:00:36]} Ke7 {[%clk 0:01:56]} 59. Nd6 {[%clk 0:00:55]} Kd8
{[%clk 0:01:02]} 60. Nb7+ {[%clk 0:01:18]} Ke7 {[%clk 0:00:51]} 61. Nxc5
{[%clk 0:01:34]} a5 {[%clk 0:01:10]} 62. Nb7 {[%clk 0:01:52]} 1-0

[Event "V4Liptov2018"]
[Site "?"]
[Date "2018.06.26"]
[Round "7.11"]
[White "Adamczyk, Zuzanna"]
[Black "Ocko, Dominik"]
[Result "0-1"]
[BlackElo "1971"]
[WhiteElo "1750"]
[LiveChessVersion "1.4.8"]

1. e4 {[%clk 1:00:51]} c5 {[%clk 1:00:25]} 2. Nf3 {[%clk 1:01:04]} d6
{[%clk 1:00:51]} 3. d4 {[%clk 1:01:13]} cxd4 {[%clk 1:01:17]} 4. Nxd4
{[%clk 1:01:31]} Nf6 {[%clk 1:01:40]} 5. Nc3 {[%clk 1:01:23]} Nc6
{[%clk 1:02:04]} 6. Bg5 {[%clk 0:58:13]} e6 {[%clk 1:02:19]} 7. f4
{[%clk 0:52:16]} a6 {[%clk 1:00:04]} 8. Nxc6 {[%clk 0:48:49]} bxc6
{[%clk 1:00:31]} 9. Qf3 {[%clk 0:47:12]} Be7 {[%clk 0:54:29]} 10. O-O-O
{[%clk 0:43:47]} Qb6 {[%clk 0:50:51]} 11. e5 {[%clk 0:28:23]} dxe5
{[%clk 0:50:24]} 12. fxe5 {[%clk 0:27:56]} Nd5 {[%clk 0:50:25]} 13. Bxe7
{[%clk 0:27:44]} Kxe7 {[%clk 0:50:44]} 14. Nxd5+ {[%clk 0:20:02]} exd5
{[%clk 0:49:36]} 15. Qa3+ {[%clk 0:17:11]} Ke8 {[%clk 0:48:09]} 16. c4
{[%clk 0:15:47]} Be6 {[%clk 0:42:07]} 17. c5 {[%clk 0:13:41]} Qc7
{[%clk 0:37:17]} 18. Qc3 {[%clk 0:13:37]} Kd7 {[%clk 0:30:35]} 19. b4
{[%clk 0:06:55]} Rhb8 {[%clk 0:28:47]} 20. a4 {[%clk 0:06:53]} Ke8
{[%clk 0:26:07]} 21. Qd4 {[%clk 0:05:52]} Qb7 {[%clk 0:23:59]} 22. Bd3
{[%clk 0:02:59]} Qxb4 {[%clk 0:24:01]} 23. Bc2 {[%clk 0:03:16]} Qa3+
{[%clk 0:22:41]} 24. Kd2 {[%clk 0:03:31]} Rb4 {[%clk 0:21:53]} 25. Qa1
{[%clk 0:01:39]} Qxa1 {[%clk 0:21:45]} 26. Rxa1 {[%clk 0:02:07]} Rab8
{[%clk 0:20:07]} 27. Rab1 {[%clk 0:01:41]} a5 {[%clk 0:18:36]} 28. Bd3
{[%clk 0:01:23]} Bc8 {[%clk 0:15:45]} 29. h4 {[%clk 0:01:03]} h6 {[%clk 0:15:39]}
30. Kc3 {[%clk 0:01:15]} Ke7 {[%clk 0:14:38]} 31. g3 {[%clk 0:01:04]} Rxb1
{[%clk 0:14:41]} 32. Rxb1 {[%clk 0:01:21]} Rxb1 {[%clk 0:15:09]} 33. Bxb1
{[%clk 0:01:49]} Ba6 {[%clk 0:15:17]} 34. Bf5 {[%clk 0:02:03]} g6
{[%clk 0:14:19]} 35. Bh3 {[%clk 0:01:36]} Kd8 {[%clk 0:14:09]} 36. g4
{[%clk 0:00:47]} Bc8 {[%clk 0:13:56]} 37. Kd4 {[%clk 0:00:43]} Ke7
{[%clk 0:13:29]} 38. Ke3 {[%clk 0:00:46]} h5 {[%clk 0:13:38]} 39. Bf1
{[%clk 0:00:44]} Bxg4 {[%clk 0:13:31]} 40. Kd2 {[%clk 0:00:44]} Ke6
{[%clk 0:12:49]} 41. Ba6 {[%clk 0:01:05]} Kxe5 {[%clk 0:13:13]} 42. Bb7
{[%clk 0:01:17]} Bd7 {[%clk 0:13:29]} 0-1

[Event "V4Liptov2018"]
[Site "?"]
[Date "2018.06.26"]
[Round "7.12"]
[White "Gresova, Zuzana"]
[Black "Zniszczol, Wiktoria"]
[Result "1-0"]
[BlackElo "1546"]
[WhiteElo "1920"]
[LiveChessVersion "1.4.8"]

1. d4 {[%clk 1:00:55]} Nf6 {[%clk 1:00:54]} 2. c4 {[%clk 1:01:10]} c5
{[%clk 1:01:17]} 3. d5 {[%clk 1:01:08]} b5 {[%clk 1:01:37]} 4. cxb5
{[%clk 1:01:02]} a6 {[%clk 1:01:59]} 5. bxa6 {[%clk 1:01:11]} Bxa6
{[%clk 1:01:31]} 6. Nc3 {[%clk 0:59:55]} g6 {[%clk 1:01:04]} 7. e4
{[%clk 0:59:28]} Bxf1 {[%clk 1:01:00]} 8. Kxf1 {[%clk 0:59:51]} d6
{[%clk 1:01:14]} 9. g3 {[%clk 0:59:14]} Bg7 {[%clk 1:00:51]} 10. Kg2
{[%clk 0:58:37]} O-O {[%clk 0:59:43]} 11. Nf3 {[%clk 0:58:11]} Na6
{[%clk 0:57:46]} 12. Qe2 {[%clk 0:53:41]} Nd7 {[%clk 0:55:43]} 13. a4
{[%clk 0:51:37]} Nb4 {[%clk 0:53:50]} 14. Be3 {[%clk 0:41:37]} Qc7
{[%clk 0:43:33]} 15. Rhc1 {[%clk 0:38:31]} Rfb8 {[%clk 0:39:05]} 16. b3
{[%clk 0:33:53]} Qa5 {[%clk 0:34:57]} 17. Bd2 {[%clk 0:31:14]} Rb7
{[%clk 0:28:34]} 18. Rab1 {[%clk 0:28:57]} Nb8 {[%clk 0:28:49]} 19. Nb5
{[%clk 0:28:15]} N8a6 {[%clk 0:28:32]} 20. Ne1 {[%clk 0:26:20]} Qd8
{[%clk 0:26:43]} 21. Nd3 {[%clk 0:24:14]} Nxd3 {[%clk 0:23:22]} 22. Qxd3
{[%clk 0:24:27]} Nc7 {[%clk 0:23:44]} 23. Na3 {[%clk 0:22:39]} Na6
{[%clk 0:20:46]} 24. Qe2 {[%clk 0:20:35]} Nc7 {[%clk 0:18:52]} 25. Qc4
{[%clk 0:18:40]} Qd7 {[%clk 0:17:46]} 26. Qc2 {[%clk 0:18:08]} Na6
{[%clk 0:15:56]} 27. Nb5 {[%clk 0:17:11]} Nc7 {[%clk 0:15:47]} 28. Na3
{[%clk 0:16:44]} Na6 {[%clk 0:15:33]} 29. Qd1 {[%clk 0:16:36]} Nc7
{[%clk 0:13:58]} 30. Rc4 {[%clk 0:16:26]} f5 {[%clk 0:13:09]} 31. Bg5
{[%clk 0:12:26]} fxe4 {[%clk 0:12:55]} 32. Qd2 {[%clk 0:06:28]} Bf6
{[%clk 0:03:00]} 33. Bxf6 {[%clk 0:04:43]} exf6 {[%clk 0:03:25]} 34. Rxe4
{[%clk 0:05:03]} Rab8 {[%clk 0:03:43]} 35. Re3 {[%clk 0:04:13]} Qf5
{[%clk 0:03:34]} 36. Rd3 {[%clk 0:04:17]} Rb4 {[%clk 0:03:39]} 37. Rb2
{[%clk 0:03:24]} Kf7 {[%clk 0:03:03]} 38. a5 {[%clk 0:01:47]} Ra8
{[%clk 0:02:59]} 39. Nc4 {[%clk 0:02:02]} Ra6 {[%clk 0:03:20]} 40. Ra2
{[%clk 0:01:29]} Qe4+ {[%clk 0:01:31]} 41. f3 {[%clk 0:01:28]} Qe8
{[%clk 0:01:57]} 42. Qh6 {[%clk 0:01:20]} Kg8 {[%clk 0:01:57]} 43. Kf2
{[%clk 0:01:01]} Qb5 {[%clk 0:01:38]} 44. Re3 {[%clk 0:00:47]} Nxd5
{[%clk 0:01:43]} 45. Re6 {[%clk 0:00:46]} Qd7 {[%clk 0:01:07]} 46. Rae2
{[%clk 0:00:56]} Rb8 {[%clk 0:01:26]} 47. Nb6 {[%clk 0:01:01]} Raxb6
{[%clk 0:00:47]} 48. axb6 {[%clk 0:01:15]} Qg7 {[%clk 0:00:39]} 49. Re8+
{[%clk 0:00:53]} Rxe8 {[%clk 0:00:55]} 50. Rxe8+ {[%clk 0:01:19]} Kf7
{[%clk 0:01:21]} 51. Qxg7+ {[%clk 0:01:35]} Kxg7 {[%clk 0:01:43]} 52. b7
{[%clk 0:01:59]} 1-0

[Event "V4Liptov2018"]
[Site "?"]
[Date "2018.06.26"]
[Round "7.13"]
[White "Kulesza, Andrzej"]
[Black "Demko, Robert"]
[Result "0-1"]
[BlackElo "1806"]
[WhiteElo "1934"]
[LiveChessVersion "1.4.8"]

1. e4 {[%clk 1:00:53]} c5 {[%clk 1:00:52]} 2. Nf3 {[%clk 1:01:04]} d6
{[%clk 1:01:16]} 3. d4 {[%clk 1:01:11]} cxd4 {[%clk 1:01:40]} 4. Nxd4
{[%clk 1:01:27]} Nf6 {[%clk 1:02:01]} 5. Nc3 {[%clk 1:01:07]} Nc6
{[%clk 1:01:49]} 6. Bg5 {[%clk 1:00:17]} Bd7 {[%clk 0:58:14]} 7. Be2
{[%clk 0:55:54]} Qa5 {[%clk 0:55:38]} 8. Bxf6 {[%clk 0:52:47]} gxf6
{[%clk 0:55:06]} 9. Nb3 {[%clk 0:51:59]} Qg5 {[%clk 0:54:04]} 10. g3
{[%clk 0:50:16]} h5 {[%clk 0:48:03]} 11. h4 {[%clk 0:43:37]} Qg6 {[%clk 0:47:10]}
12. Rg1 {[%clk 0:35:29]} f5 {[%clk 0:43:39]} 13. Nd5 {[%clk 0:33:58]} Rc8
{[%clk 0:43:20]} 14. Nf4 {[%clk 0:27:04]} Qf6 {[%clk 0:42:36]} 15. c3
{[%clk 0:27:11]} fxe4 {[%clk 0:41:51]} 16. Nxh5 {[%clk 0:26:49]} Qe5
{[%clk 0:40:00]} 17. Nf4 {[%clk 0:26:11]} Bh6 {[%clk 0:35:45]} 18. Nd5
{[%clk 0:25:07]} Rg8 {[%clk 0:34:52]} 19. a3 {[%clk 0:19:49]} Be6
{[%clk 0:31:02]} 20. Nb4 {[%clk 0:20:11]} e3 {[%clk 0:30:27]} 21. Nd3
{[%clk 0:16:06]} exf2+ {[%clk 0:29:27]} 22. Nxf2 {[%clk 0:15:20]} Rxg3
{[%clk 0:29:26]} 23. Rf1 {[%clk 0:14:55]} Re3 {[%clk 0:26:09]} 24. Nd2
{[%clk 0:14:08]} Qg3 {[%clk 0:25:45]} 25. Nb3 {[%clk 0:10:22]} Bxb3
{[%clk 0:25:26]} 26. Qd2 {[%clk 0:09:50]} Bc4 {[%clk 0:24:39]} 27. Kd1
{[%clk 0:09:23]} Bxe2+ {[%clk 0:24:54]} 28. Kc2 {[%clk 0:09:47]} Bxf1
{[%clk 0:23:21]} 29. Rxf1 {[%clk 0:09:57]} Rxc3+ {[%clk 0:20:58]} 30. Qxc3
{[%clk 0:10:11]} Nd4+ {[%clk 0:21:16]} 0-1

[Event "V4Liptov2018"]
[Site "?"]
[Date "2018.06.26"]
[Round "7.14"]
[White "Ochmyt, Jakub"]
[Black "Paprocki, Stanislaw"]
[Result "1/2-1/2"]
[BlackElo "1864"]
[WhiteElo "1787"]
[LiveChessVersion "1.4.8"]

1. d4 {[%clk 1:00:55]} Nf6 {[%clk 1:00:45]} 2. Nf3 {[%clk 1:01:11]} g6
{[%clk 1:00:43]} 3. Bg5 {[%clk 1:01:29]} Bg7 {[%clk 1:00:03]} 4. Nbd2
{[%clk 1:01:47]} d5 {[%clk 1:00:15]} 5. e3 {[%clk 1:01:49]} O-O {[%clk 1:00:28]}
6. Bd3 {[%clk 1:01:30]} c5 {[%clk 0:59:22]} 7. c3 {[%clk 1:00:46]} Nc6
{[%clk 0:58:32]} 8. dxc5 {[%clk 0:57:35]} e5 {[%clk 0:57:09]} 9. Bb5
{[%clk 0:57:19]} Qc7 {[%clk 0:55:06]} 10. O-O {[%clk 0:55:32]} a6
{[%clk 0:49:03]} 11. Ba4 {[%clk 0:54:38]} Be6 {[%clk 0:44:30]} 12. h3
{[%clk 0:44:44]} Nd7 {[%clk 0:35:56]} 13. b4 {[%clk 0:39:49]} h6 {[%clk 0:33:36]}
14. Bxc6 {[%clk 0:37:41]} Qxc6 {[%clk 0:32:53]} 15. Be7 {[%clk 0:36:59]} Rfe8
{[%clk 0:32:43]} 16. Bd6 {[%clk 0:36:49]} b6 {[%clk 0:31:20]} 17. Nb3
{[%clk 0:31:00]} bxc5 {[%clk 0:28:03]} 18. Bxc5 {[%clk 0:28:40]} a5
{[%clk 0:28:23]} 19. a4 {[%clk 0:20:52]} axb4 {[%clk 0:27:50]} 20. Bxb4
{[%clk 0:20:22]} Rxa4 {[%clk 0:27:45]} 21. Rxa4 {[%clk 0:20:07]} Qxa4
{[%clk 0:28:13]} 22. Nc5 {[%clk 0:20:02]} Nxc5 {[%clk 0:27:11]} 23. Bxc5
{[%clk 0:19:46]} Qc6 {[%clk 0:27:39]} 24. Bb4 {[%clk 0:19:42]} Bc8
{[%clk 0:25:48]} 25. Qd2 {[%clk 0:18:39]} Bb7 {[%clk 0:25:32]} 26. Rc1
{[%clk 0:17:13]} Rc8 {[%clk 0:24:29]} 27. Ba3 {[%clk 0:15:49]} Ba6
{[%clk 0:23:43]} 28. Qb2 {[%clk 0:15:14]} e4 {[%clk 0:22:26]} 29. Nd4
{[%clk 0:15:28]} Bxd4 {[%clk 0:22:47]} 30. exd4 {[%clk 0:09:54]} Bc4
{[%clk 0:23:16]} 31. Bb4 {[%clk 0:10:05]} Ra8 {[%clk 0:22:42]} 32. Ra1
{[%clk 0:10:19]} Rxa1+ {[%clk 0:22:03]} 33. Qxa1 {[%clk 0:10:48]} Qe8
{[%clk 0:22:32]} 34. Qc1 {[%clk 0:10:08]} Kh7 {[%clk 0:22:16]} 35. Qf4
{[%clk 0:10:19]} Qe6 {[%clk 0:22:01]} 36. Bd6 {[%clk 0:09:31]} g5
{[%clk 0:20:39]} 37. Qg3 {[%clk 0:08:53]} f5 {[%clk 0:20:50]} 38. Qe5
{[%clk 0:02:44]} Qxe5 {[%clk 0:20:54]} 39. dxe5 {[%clk 0:02:40]} f4
{[%clk 0:20:25]} 40. Bc5 {[%clk 0:02:38]} 1/2-1/2

[Event "V4Liptov2018"]
[Site "?"]
[Date "2018.06.26"]
[Round "7.15"]
[White "Paprocki, Antoni"]
[Black "Fizer, Marek"]
[Result "1-0"]
[BlackElo "1624"]
[WhiteElo "1804"]
[LiveChessVersion "1.4.8"]

1. e4 {[%clk 1:00:58]} c5 {[%clk 1:00:52]} 2. Nf3 {[%clk 1:01:22]} d6
{[%clk 1:00:57]} 3. d4 {[%clk 1:01:41]} cxd4 {[%clk 1:01:20]} 4. Nxd4
{[%clk 1:02:00]} Nf6 {[%clk 1:01:33]} 5. Nc3 {[%clk 1:02:01]} Nc6
{[%clk 1:01:11]} 6. Be2 {[%clk 1:01:18]} e5 {[%clk 1:00:52]} 7. Nb3
{[%clk 1:00:43]} Be7 {[%clk 1:00:07]} 8. Be3 {[%clk 1:00:44]} Be6
{[%clk 0:57:47]} 9. Bf3 {[%clk 0:59:06]} Rc8 {[%clk 0:53:42]} 10. Nd5
{[%clk 0:55:20]} O-O {[%clk 0:45:26]} 11. O-O {[%clk 0:54:35]} Bxd5
{[%clk 0:42:23]} 12. exd5 {[%clk 0:55:01]} e4 {[%clk 0:41:07]} 13. dxc6
{[%clk 0:51:41]} exf3 {[%clk 0:41:09]} 14. cxb7 {[%clk 0:51:17]} fxg2
{[%clk 0:41:16]} 15. Kxg2 {[%clk 0:51:15]} Rc7 {[%clk 0:40:16]} 16. Na5
{[%clk 0:47:07]} Qb8 {[%clk 0:31:10]} 17. Qd4 {[%clk 0:41:25]} Rc5
{[%clk 0:20:17]} 18. b4 {[%clk 0:38:47]} Rxc2 {[%clk 0:19:42]} 19. Qxa7
{[%clk 0:33:44]} Nd5 {[%clk 0:18:50]} 20. Rfc1 {[%clk 0:26:25]} Nxe3+
{[%clk 0:13:41]} 21. Qxe3 {[%clk 0:26:31]} Rxc1 {[%clk 0:11:39]} 22. Rxc1
{[%clk 0:26:59]} Bf6 {[%clk 0:11:26]} 23. Qb6 {[%clk 0:25:48]} Bd8
{[%clk 0:02:27]} 24. Qc6 {[%clk 0:25:14]} Qa7 {[%clk 0:01:10]} 25. Qxd6
{[%clk 0:23:14]} Bxa5 {[%clk 0:00:39]} 26. Qxf8+ {[%clk 0:23:24]} Kxf8
{[%clk 0:01:04]} 27. Rc8+ {[%clk 0:23:47]} Ke7 {[%clk 0:01:08]} 28. b8=Q
{[%clk 0:24:12]} Qxb8 {[%clk 0:00:59]} 29. Rxb8 {[%clk 0:24:34]} Bc7
{[%clk 0:01:21]} 30. Rb5 {[%clk 0:24:22]} Kd6 {[%clk 0:00:35]} 31. a4
{[%clk 0:24:41]} f6 {[%clk 0:00:32]} 32. a5 {[%clk 0:24:32]} Kc6 {[%clk 0:00:50]}
33. Rc5+ {[%clk 0:24:51]} Kb7 {[%clk 0:00:31]} 34. h3 {[%clk 0:23:52]} g5
{[%clk 0:00:54]} 35. Kf3 {[%clk 0:23:58]} h5 {[%clk 0:00:34]} 36. Rf5
{[%clk 0:23:16]} Be5 {[%clk 0:00:35]} 37. Rxe5 {[%clk 0:23:39]} fxe5
{[%clk 0:01:00]} 38. Ke3 {[%clk 0:23:31]} Kc6 {[%clk 0:01:01]} 39. f3
{[%clk 0:23:48]} Kd5 {[%clk 0:00:00]} 40. a6 {[%clk 0:23:48]} 1-0

[Event "V4Liptov2018"]
[Site "?"]
[Date "2018.06.26"]
[Round "7.16"]
[White "Fizerova, Lucie"]
[Black "Pudelko, Magdalena"]
[Result "0-1"]
[BlackElo "1251"]
[WhiteElo "1598"]
[LiveChessVersion "1.4.8"]

1. e4 {[%clk 1:00:57]} c5 {[%clk 1:00:57]} 2. Nf3 {[%clk 1:01:24]} a6
{[%clk 1:01:15]} 3. d4 {[%clk 1:01:41]} cxd4 {[%clk 1:01:40]} 4. Nxd4
{[%clk 1:02:07]} Nf6 {[%clk 1:01:56]} 5. Nc3 {[%clk 1:02:26]} e5 {[%clk 1:02:09]}
6. Nf3 {[%clk 1:02:02]} Nc6 {[%clk 1:02:24]} 7. Bg5 {[%clk 1:00:14]} Bb4
{[%clk 1:02:22]} 8. Qd3 {[%clk 0:48:05]} h6 {[%clk 0:58:27]} 9. Bd2
{[%clk 0:46:29]} O-O {[%clk 0:57:49]} 10. h3 {[%clk 0:40:35]} Re8
{[%clk 0:56:56]} 11. g4 {[%clk 0:37:09]} Bxc3 {[%clk 0:56:20]} 12. Bxc3
{[%clk 0:36:11]} d5 {[%clk 0:56:12]} 13. O-O-O {[%clk 0:32:31]} Nxe4
{[%clk 0:50:24]} 14. Rh2 {[%clk 0:27:12]} Nxc3 {[%clk 0:49:45]} 15. Qxc3
{[%clk 0:27:27]} d4 {[%clk 0:49:40]} 16. Qd2 {[%clk 0:24:08]} Qd5
{[%clk 0:47:55]} 17. Qc3 {[%clk 0:18:29]} Qxa2 {[%clk 0:46:20]} 18. Qa3
{[%clk 0:18:21]} Qxa3 {[%clk 0:46:00]} 19. bxa3 {[%clk 0:18:41]} Be6
{[%clk 0:44:05]} 20. Nd2 {[%clk 0:17:02]} Rac8 {[%clk 0:43:53]} 21. f3
{[%clk 0:16:12]} Na5 {[%clk 0:43:12]} 22. Kb2 {[%clk 0:14:46]} Nc4+
{[%clk 0:42:48]} 23. Nxc4 {[%clk 0:13:41]} Bxc4 {[%clk 0:43:10]} 24. Bxc4
{[%clk 0:13:33]} Rxc4 {[%clk 0:43:30]} 25. Rd3 {[%clk 0:13:24]} Rec8
{[%clk 0:42:40]} 26. h4 {[%clk 0:11:44]} Rc3 {[%clk 0:42:52]} 27. Rxc3
{[%clk 0:11:17]} Rxc3 {[%clk 0:43:17]} 28. Rf2 {[%clk 0:11:38]} f6
{[%clk 0:42:53]} 29. f4 {[%clk 0:11:29]} e4 {[%clk 0:42:32]} 30. Rd2
{[%clk 0:10:53]} Rf3 {[%clk 0:42:50]} 31. Rxd4 {[%clk 0:10:14]} Rxf4
{[%clk 0:43:05]} 32. g5 {[%clk 0:09:39]} hxg5 {[%clk 0:42:56]} 33. hxg5
{[%clk 0:10:04]} fxg5 {[%clk 0:43:16]} 34. Rd5 {[%clk 0:10:27]} g4
{[%clk 0:43:01]} 35. Rg5 {[%clk 0:10:24]} e3 {[%clk 0:43:19]} 36. Kc3
{[%clk 0:10:32]} e2 {[%clk 0:43:19]} 37. Kd2 {[%clk 0:11:02]} Re4
{[%clk 0:43:47]} 38. Ke1 {[%clk 0:11:19]} Kh7 {[%clk 0:43:02]} 39. Rh5+
{[%clk 0:10:45]} Kg6 {[%clk 0:43:25]} 40. Rh2 {[%clk 0:11:07]} Kg5
{[%clk 0:43:42]} 41. Rh7 {[%clk 0:10:55]} Re7 {[%clk 0:42:44]} 42. Rh2
{[%clk 0:11:08]} g3 {[%clk 0:42:23]} 43. Rg2 {[%clk 0:11:12]} Kf4
{[%clk 0:42:09]} 44. Rxe2 {[%clk 0:10:45]} Rxe2+ {[%clk 0:42:34]} 45. Kxe2
{[%clk 0:11:10]} Kg4 {[%clk 0:42:39]} 46. Kf1 {[%clk 0:11:37]} Kf3
{[%clk 0:42:11]} 47. c4 {[%clk 0:11:56]} g2+ {[%clk 0:42:32]} 48. Kg1
{[%clk 0:12:22]} a5 {[%clk 0:42:34]} 49. c5 {[%clk 0:12:38]} a4 {[%clk 0:43:01]}
50. c6 {[%clk 0:12:48]} bxc6 {[%clk 0:43:26]} 51. Kh2 {[%clk 0:13:16]} Kf2
{[%clk 0:43:26]} 52. Kh3 {[%clk 0:13:16]} g1=Q {[%clk 0:44:03]} 53. Kh4
{[%clk 0:14:09]} Kf3 {[%clk 0:44:20]} 54. Kh5 {[%clk 0:14:37]} Kf4
{[%clk 0:44:36]} 55. Kh4 {[%clk 0:15:05]} Qg4# {[%clk 0:45:01]} 0-1